Τα κριτήρια στη διεθνή πολιτική
Saved in:
| Main Author: | |
|---|---|
| Format: | Book |
| Language: | Greek |
| Published: |
Αθήνα :
Παπαζήσης,
2015.
|
| Series: | Διεθνής και ευρωπαϊκή πολιτική (Παπαζήσης)
|
| Subjects: | |
| Tags: |
Add Tag
No Tags, Be the first to tag this record!
|
MARC
| LEADER | 00000cam a2200000 a 4500 | ||
|---|---|---|---|
| 001 | 1/109465 | ||
| 008 | 151214s2015####gr | ||| |||||||gre|| | ||
| 020 | |a 9789600230840 | ||
| 040 | |a GR-MyUa |b gre |c GR-MyUa |e AACR2 | ||
| 041 | 0 | |a gre | |
| 082 | 7 | |a 327 |2 (23) | |
| 100 | 1 | |a Μούτσογλου, Βασίλης Β. | |
| 245 | 1 | 3 | |a Τα κριτήρια στη διεθνή πολιτική / |c Βασίλης Μούτσογλου. |
| 260 | |a Αθήνα : |b Παπαζήσης, |c 2015. | ||
| 300 | |a 276 σ. ; |c 21 εκ. | ||
| 490 | 1 | |a (Διεθνής και ευρωπαϊκή πολιτική / Παπαζήσης). | |
| 504 | |a Περιλαμβάνει βιβλιογραφικές παραπομπές. | ||
| 650 | 0 | |a World politics. | |
| 650 | 0 | |a International relations |y 21st century. | |
| 650 | 0 | |a World politics |y 21st century. | |
| 830 | 0 | |a Διεθνής και ευρωπαϊκή πολιτική (Παπαζήσης) | |
| 852 | |a INST |b RHODES |e 20151214 |h 327 ΜΟΥ |p 005400038132 |q 005400038132 |t BK |y 0 | ||
| 970 | |z 14-12-2015 | ||